Top 10 Americas Countries With Fastest Growing Population - Statistics

General Stats
  • This quiz has been taken 98 times
  • The average score is 10 of 10
Answer Stats
Pop. Growth Country % Correct
5,238,024 Canada
100%
24,208,634 Mexico
100%
38,877,890 United States
100%
32,061,087 Brazil
99%
6,359,302 Argentina
97%
7,824,745 Colombia
97%
5,461,795 Peru
94%
6,626,606 Venezuela
94%
3,515,767 Ecuador
90%
4,654,237 Guatemala
83%
No matching quizzes found
Score Distribution
Percent of People with Each Score
Percentile by Number Answered
Your Score History
You have not taken this quiz